000 00733nam a2200241 i 4500
001 10085
003 ES-MaACL
005 20250816061802.0
007 t|
008 950206s1993 sp ||||1| spa d
020 _a84-7844-147-6
080 _a7 Duchamp, Marcel
100 1 _aRamírez, Juan Antonio.
_995098
245 1 0 _aDuchamp, el amor y la muerte, incluso /
_cJuan Antonio Ramírez.
260 _aMadrid :
_bSiruela,
_c[1993]
300 _a309 p. :
_bil. ;
_c24 cm.
490 1 _aLa biblioteca azul ;
_v2
504 _aBibliografía: p. 261-265.
600 1 4 _aDuchamp, Marcel,
_d1887-1968
_9237777
830 1 _aLa biblioteca azul ;
_v2
_9179659
852 _aES-MaACL
_jL-17482
999 _c10085
_d10085